[Event "KLASYFIKACYJNY BIALYSTOK WIOSNA 2012"]
[Site "ZSI Nr 1 Bialystok"]
[Date "2012.??.??"]
[Round "4.6"]
[White "Kurnicki, Mateusz"]
[Black "Kosakowski, Jakub"]
[Result "0-1"]
[WhiteElo "1541"]
[BlackElo "1561"]
[PlyCount "77"]
[EventDate "2012.??.??"]

1. e4 c5 2. c4 Nc6 3. Nc3 g6 4. d3 Bg7 5. Nge2 e6 6. g3 Nge7 7. Bg2 O-O 8. O-O
d6 9. h3 b6 10. f4 Bb7 11. g4 Nd4 12. Ng3 Qd7 13. Be3 Rab8 14. Nce2 Nec6 15.
Nc3 Ba8 16. f5 Qe7 17. Qd2 Rfe8 18. Bh6 Bh8 19. fxg6 hxg6 20. Rf2 b5 21. Raf1
Ne5 22. Bg5 Qf8 23. b3 bxc4 24. bxc4 Rb6 25. Rb1 Reb8 26. Rxb6 Rxb6 27. Bf6
Bxf6 28. Rxf6 Qg7 29. g5 Qxf6 30. gxf6 Nef3+ 31. Bxf3 Nxf3+ 32. Kf2 Nxd2 33. h4
Nb1 34. Nce2 Rb2 35. h5 gxh5 36. Nxh5 Nc3 37. e5 Rxe2+ 38. Kg3 Rxe5 39. d4 0-1

[Event "KLASYFIKACYJNY BIALYSTOK WIOSNA 2012"]
[Site "ZSI Nr 1 Bialystok"]
[Date "2012.??.??"]
[Round "4.7"]
[White "Filewicz, Przemyslaw"]
[Black "Ocytko, Michal"]
[Result "1-0"]
[WhiteElo "1631"]
[BlackElo "1318"]
[PlyCount "71"]
[EventDate "2012.??.??"]

1. e4 d6 2. d4 Nf6 3. Bd3 g6 4. f3 Bg7 5. c3 c6 6. Be3 Nbd7 7. Ne2 b6 8. Nd2 a5
9. Qc2 c5 10. O-O-O Ba6 11. Kb1 Bxd3 12. Qxd3 cxd4 13. cxd4 O-O 14. g4 e5 15.
Nf1 exd4 16. Nxd4 Ne5 17. Qe2 Rb8 18. g5 Nh5 19. f4 Nd7 20. Nc6 Qc7 21. Nxb8
Rxb8 22. Ng3 f6 23. Nxh5 gxh5 24. gxf6 Nxf6 25. Bd4 Qe7 26. Rhg1 Kh8 27. e5
dxe5 28. Qxe5 Qxe5 29. Bxe5 Re8 30. Rd6 Ng4 31. Bxg7+ Kxg7 32. h3 Rf8 33. hxg4
hxg4 34. Rxg4+ Kh8 35. Rxb6 h5 36. Rh6# 1-0

[Event "KLASYFIKACYJNY BIALYSTOK WIOSNA 2012"]
[Site "ZSI Nr 1 Bialystok"]
[Date "2012.??.??"]
[Round "5.1"]
[White "Walewski, Wojciech"]
[Black "Khamitskiy, Sergei"]
[Result "0-1"]
[WhiteElo "2075"]
[BlackElo "2284"]
[PlyCount "48"]
[EventDate "2012.??.??"]

1. d4 d5 2. Nf3 c6 3. g3 Bg4 4. Bg2 e6 5. O-O Nd7 6. Nbd2 f5 7. c4 Ngf6 8. b3
Be7 9. Bb2 Ne4 10. Rc1 O-O 11. Ne5 Nxe5 12. dxe5 Qb6 13. Bf3 Rad8 14. cxd5 Rxd5
15. Bxe4 fxe4 16. Qc2 Bxe2 17. Nc4 Bxc4 18. bxc4 Rd3 19. Rce1 Qb4 20. Ba1 Bc5
21. Rxe4 Rd2 22. Qb3 Rdxf2 23. Rxf2 Qd2 24. Qb2 Qe1+ 0-1

[Event "KLASYFIKACYJNY BIALYSTOK WIOSNA 2012"]
[Site "ZSI Nr 1 Bialystok"]
[Date "2012.??.??"]
[Round "5.2"]
[White "Widelski, Kacper"]
[Black "Kostyra, Stanislaw"]
[Result "0-1"]
[WhiteElo "1533"]
[BlackElo "2287"]
[PlyCount "64"]
[EventDate "2012.??.??"]

1. d4 Nf6 2. f4 b6 3. Nf3 e6 4. e3 c5 5. Bd3 Bb7 6. b3 Qc7 7. O-O Be7 8. c4 O-O
9. Qc2 Nc6 10. a3 d5 11. Nc3 dxc4 12. bxc4 cxd4 13. exd4 Rad8 14. Rd1 g6 15.
Be2 Nh5 16. Nb5 Qb8 17. Ne5 a6 18. Bxh5 axb5 19. Nxc6 Bxc6 20. cxb5 Bxb5 21.
Bf3 Rc8 22. Qf2 Ba4 23. Re1 Rfd8 24. Re4 Bc6 25. Re1 Bxf3 26. gxf3 Rxd4 27. Be3
Rd3 28. a4 Rcc3 29. Rad1 Qa8 30. Kg2 Qxa4 31. Rxd3 Rxd3 32. Bxb6 Qxf4 0-1

[Event "KLASYFIKACYJNY BIALYSTOK WIOSNA 2012"]
[Site "ZSI Nr 1 Bialystok"]
[Date "2012.??.??"]
[Round "5.3"]
[White "Szostko, Jakub"]
[Black "Filimoniuk, Marcin"]
[Result "1/2-1/2"]
[WhiteElo "1740"]
[BlackElo "1749"]
[PlyCount "37"]
[EventDate "2012.??.??"]

1. e4 d6 2. d4 Nf6 3. Nc3 g6 4. Bf4 Bg7 5. h3 c6 6. Nf3 a5 7. Qd2 b5 8. Bd3
Nbd7 9. Bh6 O-O 10. Bxg7 Kxg7 11. O-O e5 12. Ne2 Re8 13. dxe5 Nxe5 14. Nxe5
dxe5 15. Qc3 Qb6 16. Kh1 Bb7 17. f4 Nd7 18. fxe5 Nxe5 19. Ng3 1/2-1/2

[Event "KLASYFIKACYJNY BIALYSTOK WIOSNA 2012"]
[Site "ZSI Nr 1 Bialystok"]
[Date "2012.??.??"]
[Round "5.4"]
[White "Burakowska, Gabriela"]
[Black "Borawski, Jakub"]
[Result "0-1"]
[WhiteElo "1619"]
[BlackElo "1926"]
[PlyCount "40"]
[EventDate "2012.??.??"]

1. c4 e5 2. g3 Nc6 3. Bg2 d6 4. Nc3 Be6 5. d3 Qd7 6. f4 g6 7. fxe5 dxe5 8. Ne4
O-O-O 9. Be3 Nd4 10. Bxd4 exd4 11. Qb3 c6 12. Qa4 f5 13. Ng5 Kb8 14. N1f3 Bg7
15. O-O h6 16. Nxe6 Qxe6 17. Rfe1 Nf6 18. b4 Ng4 19. e4 dxe3 20. Rad1 e2 0-1

[Event "KLASYFIKACYJNY BIALYSTOK WIOSNA 2012"]
[Site "ZSI Nr 1 Bialystok"]
[Date "2012.??.??"]
[Round "5.5"]
[White "Kosakowski, Jakub"]
[Black "Smirnov, Aleksander"]
[Result "0-1"]
[WhiteElo "1561"]
[BlackElo "2164"]
[PlyCount "98"]
[EventDate "2012.??.??"]

1. e4 c5 2. Nf3 a6 3. d4 cxd4 4. Nxd4 Nf6 5. Nc3 e5 6. Nb3 Bb4 7. Bg5 h6 8.
Bxf6 Bxc3+ 9. bxc3 Qxf6 10. Bd3 Qc6 11. Qd2 O-O 12. O-O-O a5 13. Kb1 a4 14. Nc1
d6 15. Ka1 Be6 16. Ne2 Nd7 17. Rb1 Nf6 18. f3 Rfc8 19. Qe3 Nd7 20. Rhd1 Ra5 21.
Rb4 Nc5 22. Rdb1 a3 23. Rb6 Qc7 24. R6b4 Ra4 25. Rb6 f6 26. g3 Rd8 27. R6b5
Raa8 28. f4 Rab8 29. f5 Bf7 30. g4 Rd7 31. h4 Na4 32. Qd2 d5 33. R1b4 Nb2 34.
Qe3 Nxd3 35. cxd3 d4 36. Qd2 dxc3 37. Nxc3 Qd8 38. Nd5 Bxd5 39. exd5 Rxd5 40.
Rxd5 Qxd5 41. Qd1 Rc8 42. Rb3 Qd4+ 43. Kb1 Rc3 44. Rxc3 Qxc3 45. Qb3+ Qxb3+ 46.
axb3 h5 47. gxh5 Kh7 48. Ka2 Kh6 49. Kxa3 Kxh5 0-1

[Event "KLASYFIKACYJNY BIALYSTOK WIOSNA 2012"]
[Site "ZSI Nr 1 Bialystok"]
[Date "2012.??.??"]
[Round "5.7"]
[White "Ocytko, Michal"]
[Black "Kurnicki, Mateusz"]
[Result "0-1"]
[WhiteElo "1318"]
[BlackElo "1541"]
[PlyCount "64"]
[EventDate "2012.??.??"]

1. d4 Nf6 2. Nf3 b6 3. g3 Bb7 4. Bg2 e6 5. Nbd2 Bd6 6. O-O Qc8 7. Re1 Ne4 8.
Nxe4 Bxe4 9. Nd2 Bxg2 10. Kxg2 Nc6 11. c3 f5 12. f4 O-O 13. e4 Qb7 14. Qf3 Nd8
15. e5 Qxf3+ 16. Nxf3 Be7 17. a4 Nb7 18. b4 a5 19. Ba3 axb4 20. Bxb4 Bxb4 21.
cxb4 Ra7 22. Rec1 c6 23. Rc2 Rfa8 24. Rca2 Rc8 25. a5 bxa5 26. bxa5 Rca8 27. a6
Nd8 28. Nd2 Kf7 29. Nc4 Ke7 30. h4 h5 31. Kf3 Nf7 32. Ke2 Kd8 0-1

[Event "KLASYFIKACYJNY BIALYSTOK WIOSNA 2012"]
[Site "ZSI Nr 1 Bialystok"]
[Date "2012.??.??"]
[Round "6.1"]
[White "Khamitskiy, Sergei"]
[Black "Borawski, Jakub"]
[Result "1-0"]
[WhiteElo "2284"]
[BlackElo "1926"]
[PlyCount "60"]
[EventDate "2012.??.??"]

1. d4 Nf6 2. c4 e6 3. g3 Bb4+ 4. Nd2 Nc6 5. Ngf3 Bxd2+ 6. Qxd2 d5 7. Bg2 Ne4 8.
Qc2 O-O 9. O-O f5 10. Rd1 Qe7 11. a3 a5 12. b3 Bd7 13. Bb2 g5 14. Ne5 Nxe5 15.
dxe5 Bc6 16. Rac1 g4 17. cxd5 exd5 18. f3 Ng5 19. e6 Nxe6 20. fxg4 fxg4 21.
Bxd5 Bxd5 22. Rxd5 Ng5 23. Qc4 Qe3+ 24. Kh1 Qe4+ 25. Qxe4 Nxe4 26. Rxc7 Rf7 27.
Rxf7 Kxf7 28. Rf5+ Kg6 29. Rf4 Re8 30. Rxg4+ Kh5 1-0

[Event "KLASYFIKACYJNY BIALYSTOK WIOSNA 2012"]
[Site "ZSI Nr 1 Bialystok"]
[Date "2012.??.??"]
[Round "6.2"]
[White "Kostyra, Stanislaw"]
[Black "Smirnov, Aleksander"]
[Result "1-0"]
[WhiteElo "2287"]
[BlackElo "2164"]
[PlyCount "51"]
[EventDate "2012.??.??"]

1. d4 d5 2. Nf3 c5 3. e3 Nf6 4. c4 e6 5. Nc3 Nc6 6. a3 Ne4 7. Bd3 Nxc3 8. bxc3
Bd6 9. O-O O-O 10. Qc2 h6 11. Rd1 dxc4 12. Bh7+ Kh8 13. dxc5 g6 14. e4 Kxh7 15.
cxd6 Bd7 16. Rb1 b6 17. Qd2 g5 18. h4 Rg8 19. hxg5 hxg5 20. Nxg5+ Kg7 21. Nf3
Qf6 22. Rb5 Kf8 23. Qh6+ Qxh6 24. Bxh6+ Ke8 25. Rg5 Rxg5 26. Bxg5 1-0

[Event "KLASYFIKACYJNY BIALYSTOK WIOSNA 2012"]
[Site "ZSI Nr 1 Bialystok"]
[Date "2012.??.??"]
[Round "6.3"]
[White "Filimoniuk, Marcin"]
[Black "Walewski, Wojciech"]
[Result "1/2-1/2"]
[WhiteElo "1749"]
[BlackElo "2075"]
[PlyCount "59"]
[EventDate "2012.??.??"]

1. d4 d5 2. Nf3 c6 3. g3 Bg4 4. Bg2 Nd7 5. Nbd2 Ngf6 6. c4 e6 7. O-O Be7 8. Qc2
O-O 9. e4 dxe4 10. Nxe4 Nxe4 11. Qxe4 Bf5 12. Qe3 Qc7 13. Qb3 Bf6 14. Bf4 Qb6
15. Be3 Rfd8 16. Rac1 Rac8 17. Rfd1 h6 18. Rd2 Be4 19. Rcd1 Nb8 20. Qxb6 axb6
21. Ne5 Bxg2 22. Kxg2 Kf8 23. Ng4 Be7 24. a3 Ke8 25. b4 Nd7 26. Ne5 Nxe5 27.
dxe5 Rxd2 28. Rxd2 b5 29. Rc2 bxc4 30. Rxc4 1/2-1/2

[Event "KLASYFIKACYJNY BIALYSTOK WIOSNA 2012"]
[Site "ZSI Nr 1 Bialystok"]
[Date "2012.??.??"]
[Round "6.4"]
[White "Filewicz, Przemyslaw"]
[Black "Szostko, Jakub"]
[Result "1/2-1/2"]
[WhiteElo "1631"]
[BlackElo "1740"]
[PlyCount "92"]
[EventDate "2012.??.??"]

1. d4 Nf6 2. c4 e6 3. Nf3 d5 4. Nc3 Bb4 5. a3 Bxc3+ 6. bxc3 O-O 7. e3 c5 8. Bd3
Nc6 9. O-O b6 10. Rb1 Na5 11. cxd5 c4 12. Bc2 exd5 13. Ne5 Ne4 14. Qe1 f6 15.
Nf3 Bg4 16. Bxe4 dxe4 17. Nd2 Bf5 18. Qe2 Qd5 19. a4 Bd7 20. Rb4 Rfc8 21. f3 f5
22. fxe4 fxe4 23. Rf4 Nb3 24. Nxb3 cxb3 25. c4 Qd6 26. Ba3 Qg6 27. Rxb3 Bxa4
28. Rb1 Rd8 29. Rbf1 h6 30. Bb2 Rf8 31. d5 Rxf4 32. Rxf4 Bd7 33. Qc2 Re8 34.
Rf3 Ba4 35. Qb1 Re7 36. Rg3 Qh5 37. Qa1 Qd1+ 38. Qxd1 Bxd1 39. Rg6 Bb3 40. Rc6
Rd7 41. Kf2 Kf7 42. Kg3 b5 43. cxb5 Bxd5 44. Rc5 Ke6 45. Bd4 Rb7 46. h4 Rd7
1/2-1/2

[Event "KLASYFIKACYJNY BIALYSTOK WIOSNA 2012"]
[Site "ZSI Nr 1 Bialystok"]
[Date "2012.??.??"]
[Round "6.5"]
[White "Kosakowski, Jakub"]
[Black "Widelski, Kacper"]
[Result "1-0"]
[WhiteElo "1561"]
[BlackElo "1533"]
[PlyCount "53"]
[EventDate "2012.??.??"]

1. e4 b6 2. d4 e6 3. Bd3 Bb7 4. Nf3 c5 5. c3 Qc7 6. O-O Nf6 7. Qe2 Be7 8. Bg5
d6 9. Nbd2 Nbd7 10. h3 a6 11. a4 O-O 12. e5 dxe5 13. dxe5 Nd5 14. c4 Bxg5 15.
Nxg5 Nf4 16. Bxh7+ Kh8 17. Qg4 Qxe5 18. Rae1 Qf6 19. Be4 Bxe4 20. Ndxe4 Qf5 21.
Qh4+ Kg8 22. Nd6 Qc2 23. Qxf4 Qxb2 24. Qh4 Qc2 25. Nde4 Nf6 26. Nxf6+ gxf6 27.
Ne4 1-0

[Event "KLASYFIKACYJNY BIALYSTOK WIOSNA 2012"]
[Site "ZSI Nr 1 Bialystok"]
[Date "2012.??.??"]
[Round "6.6"]
[White "Burakowska, Gabriela"]
[Black "Kurnicki, Mateusz"]
[Result "1-0"]
[WhiteElo "1619"]
[BlackElo "1541"]
[PlyCount "67"]
[EventDate "2012.??.??"]

1. d4 Nf6 2. Nf3 e6 3. Bg5 c5 4. e3 h6 5. Bh4 Qb6 6. b3 Nc6 7. Be2 d5 8. O-O
Bd7 9. Nc3 cxd4 10. exd4 Rc8 11. Na4 Qc7 12. c4 Bd6 13. Nc3 Na5 14. c5 Be7 15.
Bg3 Qd8 16. Ne5 a6 17. a4 b6 18. b4 Nc6 19. Bxa6 Ra8 20. Nxd7 Qxd7 21. b5 Nb4
22. c6 Qd8 23. Bb7 Rc8 24. a5 bxa5 25. Bxc8 Qxc8 26. Na4 g5 27. Nb6 h5 28. Nxc8
h4 29. Bd6 g4 30. Nxe7 g3 31. fxg3 hxg3 32. Bxg3 Ne4 33. Rxa5 Nxg3 34. Ra8+ 1-0

[Event "KLASYFIKACYJNY BIALYSTOK WIOSNA 2012"]
[Site "ZSI Nr 1 Bialystok"]
[Date "2012.??.??"]
[Round "7.1"]
[White "Filimoniuk, Marcin"]
[Black "Kostyra, Stanislaw"]
[Result "0-1"]
[WhiteElo "1749"]
[BlackElo "2287"]
[PlyCount "116"]
[EventDate "2012.??.??"]

1. Nf3 d5 2. d4 Nf6 3. Bf4 Nbd7 4. e3 Nh5 5. Ne5 Nxf4 6. exf4 c6 7. c3 Qb6 8.
Qb3 g6 9. Nd2 Bh6 10. g3 O-O 11. Ng4 Bg7 12. Ne3 e6 13. Be2 c5 14. Qxb6 Nxb6
15. dxc5 Na4 16. Nd1 Bd7 17. O-O Rfc8 18. Nb3 Nxc5 19. Nxc5 Rxc5 20. Ne3 Rac8
21. Rfd1 a6 22. Rd2 Bb5 23. Bxb5 Rxb5 24. Re1 Ra5 25. a3 Ra4 26. Nc2 Rac4 27.
Ne3 Re4 28. f3 Ra4 29. Nc2 Rac4 30. Ne3 R4c7 31. Ng4 b5 32. Ne5 Rb7 33. Kg2 a5
34. Kf2 Bf8 35. Ree2 b4 36. axb4 axb4 37. cxb4 Bxb4 38. Rc2 Ra8 39. Nc6 Bd6 40.
Red2 Ra1 41. Ke2 Rb1 42. Kf2 h5 43. Re2 Kg7 44. Kg2 Rb3 45. Nd4 Rd3 46. Rcd2
Rxd2 47. Rxd2 Bc5 48. Ne2 Bb6 49. g4 Kf6 50. Ng3 Be3 51. Rc2 h4 52. Ne2 d4 53.
Nxd4 Bxd4 54. Kh3 Rxb2 55. Rxb2 Bxb2 56. Kxh4 Bc3 57. Kg3 Be1+ 58. Kg2 g5 0-1

[Event "KLASYFIKACYJNY BIALYSTOK WIOSNA 2012"]
[Site "ZSI Nr 1 Bialystok"]
[Date "2012.??.??"]
[Round "7.2"]
[White "Szostko, Jakub"]
[Black "Khamitskiy, Sergei"]
[Result "0-1"]
[WhiteElo "1740"]
[BlackElo "2284"]
[PlyCount "94"]
[EventDate "2012.??.??"]

1. e4 e6 2. d4 d5 3. Nc3 Bb4 4. e5 c5 5. a3 Bxc3+ 6. bxc3 Qc7 7. Nf3 Ne7 8. Bd3
b6 9. O-O Ba6 10. Bxa6 Nxa6 11. Qe2 Nb8 12. Bg5 Nbc6 13. Rad1 cxd4 14. cxd4 Na5
15. Qb5+ Qd7 16. a4 Rc8 17. Bd2 Nc4 18. Rc1 Nc6 19. c3 N6a5 20. Qxd7+ Kxd7 21.
Rc2 Nb3 22. Be3 Nca5 23. Nd2 Nxd2 24. Bxd2 Rc4 25. Ra2 Nb3 26. Be1 Nc1 27. Rc2
Nd3 28. f4 Rhc8 29. Ra2 Nxe1 30. Rxe1 Rxc3 31. Rd1 Rc2 32. Rxc2 Rxc2 33. Rb1
Rc4 34. a5 Kc6 35. axb6 axb6 36. Rd1 b5 37. Kf2 Rc2+ 38. Kf3 b4 39. h4 Kb5 40.
g4 Kc4 41. f5 b3 42. h5 b2 43. Rb1 Kxd4 44. f6 g6 45. hxg6 hxg6 46. Kf4 Rf2+
47. Kg5 Kxe5 0-1

[Event "KLASYFIKACYJNY BIALYSTOK WIOSNA 2012"]
[Site "ZSI Nr 1 Bialystok"]
[Date "2012.??.??"]
[Round "7.3"]
[White "Walewski, Wojciech"]
[Black "Burakowska, Gabriela"]
[Result "1/2-1/2"]
[WhiteElo "2075"]
[BlackElo "1619"]
[PlyCount "85"]
[EventDate "2012.??.??"]

1. d4 d5 2. c4 c6 3. Nc3 Nf6 4. e3 Bf5 5. cxd5 Nxd5 6. Nf3 e6 7. Bd3 Bxd3 8.
Qxd3 Nd7 9. O-O Be7 10. e4 Nxc3 11. bxc3 O-O 12. Bf4 Nb6 13. c4 Re8 14. Rfd1
Nd7 15. Rab1 b6 16. Qc3 Nf8 17. Re1 Ng6 18. Bg3 Bd6 19. e5 Be7 20. Rbd1 Rc8 21.
Rd3 b5 22. c5 a5 23. Nd2 a4 24. Ne4 Qd5 25. a3 Rb8 26. f3 Ra8 27. Rb1 Reb8 28.
Rdd1 Bd8 29. Be1 Ne7 30. Qd3 Ba5 31. Bxa5 Rxa5 32. Nc3 Qd7 33. Rb4 Nd5 34. Nxd5
Qxd5 35. Qe4 Rd8 36. Qxd5 Rxd5 37. Kf2 Ra8 38. Ke3 Rad8 39. Rbb1 f6 40. f4 Kf7
41. Rd2 h6 42. Rf1 R8d7 43. Rff2 1/2-1/2

[Event "KLASYFIKACYJNY BIALYSTOK WIOSNA 2012"]
[Site "ZSI Nr 1 Bialystok"]
[Date "2012.??.??"]
[Round "7.4"]
[White "Borawski, Jakub"]
[Black "Kosakowski, Jakub"]
[Result "1/2-1/2"]
[WhiteElo "1926"]
[BlackElo "1561"]
[PlyCount "67"]
[EventDate "2012.??.??"]

1. e4 c5 2. Nf3 d6 3. d4 cxd4 4. Nxd4 Nf6 5. Nc3 a6 6. Bd3 e5 7. Nde2 Be7 8.
O-O O-O 9. a4 Qc7 10. Bg5 Be6 11. Ng3 h6 12. Bxf6 Bxf6 13. Nf5 Nc6 14. Nd5 Bxd5
15. exd5 Ne7 16. Qg4 Nxf5 17. Qxf5 Rfe8 18. b3 e4 19. Bxe4 Bxa1 20. Qh7+ Kf8
21. Rxa1 Qc3 22. Rd1 Rac8 23. h3 Qe5 24. Bd3 Qg5 25. c4 Qe5 26. g3 Qc3 27. Bf5
Rcd8 28. Rd3 Re1+ 29. Kg2 Qa1 30. Bc8 Rg1+ 31. Kf3 Qf6+ 32. Bf5 Re1 33. Kg2 Qa1
34. Bc8 1/2-1/2

[Event "KLASYFIKACYJNY BIALYSTOK WIOSNA 2012"]
[Site "ZSI Nr 1 Bialystok"]
[Date "2012.??.??"]
[Round "7.5"]
[White "Smirnov, Aleksander"]
[Black "Filewicz, Przemyslaw"]
[Result "0-1"]
[WhiteElo "2164"]
[BlackElo "1631"]
[PlyCount "84"]
[EventDate "2012.??.??"]

1. e4 c5 2. Nf3 e6 3. b3 Nc6 4. Bb2 d6 5. d4 cxd4 6. Nxd4 Nf6 7. Bd3 Be7 8. Nd2
a6 9. O-O O-O 10. Kh1 Qc7 11. c4 Rd8 12. Rc1 Bd7 13. Qe2 Ne5 14. Bb1 Ng6 15.
Nc2 Nf4 16. Qf3 e5 17. Ne3 Rac8 18. g3 Nh3 19. Nf5 Bf8 20. Qg2 Ng5 21. f4 Ne6
22. fxe5 dxe5 23. Nf3 Nd4 24. N3xd4 exd4 25. Nxd4 Ng4 26. Rce1 Bc5 27. Qf3 Ne5
28. Qf4 Bh3 29. Nf5 Ng4 30. e5 Rd7 31. Qg5 Qc6+ 32. Be4 Qg6 33. Qf4 Qh5 34. Nh4
g5 35. Qf3 Rd2 36. Re2 Rxe2 37. Qxe2 Bxf1 38. Qxf1 Nf2+ 39. Kg2 gxh4 40. Qe1
h3+ 41. Kf1 Nxe4 42. Qxe4 Qd1+ 0-1

[Event "KLASYFIKACYJNY BIALYSTOK WIOSNA 2012"]
[Site "ZSI Nr 1 Bialystok"]
[Date "2012.??.??"]
[Round "7.6"]
[White "Widelski, Kacper"]
[Black "Ocytko, Michal"]
[Result "1-0"]
[WhiteElo "1533"]
[BlackElo "1318"]
[PlyCount "68"]
[EventDate "2012.??.??"]

1. e4 d6 2. d4 Nf6 3. Bd3 g6 4. f3 Bg7 5. Be3 b6 6. Qd2 a5 7. Ne2 Ba6 8. c3
Bxd3 9. Qxd3 O-O 10. g4 Nbd7 11. h4 e5 12. Nd2 h5 13. gxh5 Nxh5 14. O-O-O exd4
15. cxd4 c5 16. Kb1 cxd4 17. Bxd4 Ne5 18. Qe3 Rb8 19. Rhg1 Qd7 20. Ng3 Nxg3 21.
Rxg3 Qb5 22. f4 Nc4 23. Nxc4 Qxc4 24. Bxg7 Kxg7 25. h5 Rbe8 26. Re1 Qc5 27. Qd3
Qxh5 28. Qc3+ f6 29. Rh3 Qc5 30. Qg3 Qd4 31. Qg4 Rxe4 32. Qd7+ Rf7 33. Rh7+
Kxh7 34. Qxf7+ Kh6 1-0

[Event "KLASYFIKACYJNY BIALYSTOK WIOSNA 2012"]
[Site "ZSI Nr 1 Bialystok"]
[Date "2012.??.??"]
[Round "8.1"]
[White "Kostyra, Stanislaw"]
[Black "Filewicz, Przemyslaw"]
[Result "1-0"]
[WhiteElo "2287"]
[BlackElo "1631"]
[PlyCount "71"]
[EventDate "2012.??.??"]

1. d4 d5 2. Nf3 Nf6 3. c4 e6 4. Nc3 Be7 5. Bg5 O-O 6. e3 b6 7. Qb3 Bb7 8. cxd5
Nxd5 9. Bxe7 Qxe7 10. Rc1 Nd7 11. Bb5 N7f6 12. Bd3 c5 13. O-O Rac8 14. dxc5
Rxc5 15. Ne2 Rfc8 16. Rxc5 Rxc5 17. e4 Nc7 18. Nc3 Rh5 19. Re1 Nd7 20. Be2 Ba6
21. Bxa6 Nxa6 22. Qc4 Nab8 23. b4 b5 24. Nxb5 Nb6 25. Qc7 Qxc7 26. Nxc7 Kf8 27.
a4 a6 28. g4 Rh6 29. a5 N6d7 30. e5 Ke7 31. Kg2 Rg6 32. Kg3 h5 33. g5 Kd8 34.
Rc1 Nf8 35. Kf4 f6 36. h4 1-0

[Event "KLASYFIKACYJNY BIALYSTOK WIOSNA 2012"]
[Site "ZSI Nr 1 Bialystok"]
[Date "2012.??.??"]
[Round "8.2"]
[White "Khamitskiy, Sergei"]
[Black "Widelski, Kacper"]
[Result "1-0"]
[WhiteElo "2284"]
[BlackElo "1533"]
[PlyCount "69"]
[EventDate "2012.??.??"]

1. d4 f5 2. g3 Nf6 3. Bg2 e6 4. c4 Be7 5. Nf3 O-O 6. O-O d6 7. b3 Qe8 8. Nc3 a6
9. Qc2 h6 10. Bb2 g5 11. e4 Nc6 12. d5 Nb4 13. Qe2 fxe4 14. Nxe4 Nxe4 15. Qxe4
e5 16. c5 a5 17. Ne1 Bf5 18. Qc4 Qg6 19. g4 Bd3 20. Nxd3 Qxd3 21. Be4 Qxc4 22.
bxc4 dxc5 23. Bxe5 Bf6 24. Bxf6 Rxf6 25. a3 Na6 26. Rab1 Rb8 27. Bf5 b6 28.
Rfe1 Kf7 29. Re3 Re8 30. Rbe1 Rxe3 31. fxe3 h5 32. e4 hxg4 33. Kg2 Nb8 34. Kg3
c6 35. Kxg4 1-0

[Event "KLASYFIKACYJNY BIALYSTOK WIOSNA 2012"]
[Site "ZSI Nr 1 Bialystok"]
[Date "2012.??.??"]
[Round "8.3"]
[White "Borawski, Jakub"]
[Black "Walewski, Wojciech"]
[Result "1-0"]
[WhiteElo "1926"]
[BlackElo "2075"]
[PlyCount "69"]
[EventDate "2012.??.??"]

1. e4 e5 2. Nf3 Nc6 3. Bc4 Bc5 4. c3 Nf6 5. d3 d6 6. Bb3 O-O 7. Nbd2 d5 8. Qe2
Re8 9. h3 h6 10. g4 dxe4 11. dxe4 Be6 12. Nf1 Nh7 13. Bc2 Qd7 14. Ng3 Bf8 15.
Nf5 Bxf5 16. gxf5 Kh8 17. Rg1 Be7 18. Bd2 Bf6 19. O-O-O Qe7 20. Rg3 a6 21. Rdg1
b5 22. Nh2 Rg8 23. Qh5 b4 24. Bb3 Raf8 25. cxb4 Nxb4 26. Kb1 Nc6 27. Ng4 Nd4
28. Bc4 c5 29. Bxh6 gxh6 30. Nxh6 Rxg3 31. Rxg3 Qb7 32. Bd5 Qb5 33. Rg8+ Rxg8
34. Nxf7+ Kg7 35. Qh6# 1-0

[Event "KLASYFIKACYJNY BIALYSTOK WIOSNA 2012"]
[Site "ZSI Nr 1 Bialystok"]
[Date "2012.??.??"]
[Round "8.4"]
[White "Kosakowski, Jakub"]
[Black "Filimoniuk, Marcin"]
[Result "1/2-1/2"]
[WhiteElo "1561"]
[BlackElo "1749"]
[PlyCount "106"]
[EventDate "2012.??.??"]

1. e4 Nc6 2. d4 d5 3. exd5 Qxd5 4. Nf3 e5 5. Nc3 Bb4 6. a3 Bxc3+ 7. bxc3 Bg4 8.
Be2 exd4 9. cxd4 O-O-O 10. c3 Nf6 11. O-O Ne4 12. Qc2 Rhe8 13. Be3 Qa5 14. Rfc1
Bf5 15. Bd3 Nd6 16. Ne5 Bxd3 17. Nxd3 Nc4 18. Bf4 g5 19. Bg3 f5 20. f3 Qd5 21.
Nb4 Nxb4 22. cxb4 b5 23. a4 a6 24. axb5 axb5 25. Bf2 Kb7 26. Ra2 Ra8 27. Rca1
h5 28. Kf1 Rxa2 29. Qxa2 Ne3+ 30. Bxe3 Qxa2 31. Rxa2 Rxe3 32. Rc2 Rb3 33. Rc5
Rxb4 34. Rxf5 Kb6 35. d5 g4 36. Rxh5 gxf3 37. gxf3 Rd4 38. Rh6+ Kb7 39. Rh5 b4
40. Ke2 Kb6 41. Rh6+ Kb7 42. Rh5 Rc4 43. Kd2 Rc5 44. Rf5 Kb6 45. Re5 Kb5 46. f4
Kc4 47. d6 cxd6 48. Rxc5+ dxc5 49. Kc2 Kd5 50. h4 Ke6 51. h5 Kf7 52. f5 Kg7 53.
Kb3 Kg8 1/2-1/2

[Event "KLASYFIKACYJNY BIALYSTOK WIOSNA 2012"]
[Site "ZSI Nr 1 Bialystok"]
[Date "2012.??.??"]
[Round "8.6"]
[White "Burakowska, Gabriela"]
[Black "Ocytko, Michal"]
[Result "1-0"]
[WhiteElo "1619"]
[BlackElo "1318"]
[PlyCount "101"]
[EventDate "2012.??.??"]

1. d4 d5 2. Nf3 Nf6 3. Bf4 g6 4. e3 Bg7 5. Be2 c6 6. O-O O-O 7. Nbd2 Bg4 8. h3
Bxf3 9. Bxf3 Nbd7 10. c4 Nb6 11. b3 a5 12. Qc2 dxc4 13. bxc4 e6 14. Rab1 Nfd7
15. Bd6 Re8 16. c5 Nc8 17. Rxb7 Nxd6 18. cxd6 Rb8 19. Rxb8 Nxb8 20. Bxc6 Rf8
21. Bf3 Qxd6 22. Nc4 Qc7 23. Rc1 Rc8 24. Qb3 Nd7 25. Be2 Nf8 26. Rb1 h5 27. Qa3
e5 28. d5 Qd8 29. d6 Qd7 30. Qxa5 Ne6 31. Rd1 Rf8 32. Nxe5 Bxe5 33. Qxe5 f6 34.
Qd5 Kg7 35. Bb5 Qc8 36. a4 Qc2 37. d7 Nd8 38. a5 Qc7 39. a6 Qa7 40. Qd4 Qa8 41.
a7 Ne6 42. Qb6 Nd8 43. Be2 Nc6 44. Bf3 Qxa7 45. Qxc6 Rd8 46. Qe6 Qb8 47. Rd6
Rf8 48. Qe7+ Kh6 49. Qxf8+ Qxf8 50. d8=Q Qxd8 51. Rxd8 1-0

[Event "KLASYFIKACYJNY BIALYSTOK WIOSNA 2012"]
[Site "ZSI Nr 1 Bialystok"]
[Date "2012.??.??"]
[Round "8.7"]
[White "Smirnov, Aleksander"]
[Black "Kurnicki, Mateusz"]
[Result "1-0"]
[WhiteElo "2164"]
[BlackElo "1541"]
[PlyCount "33"]
[EventDate "2012.??.??"]

1. e4 c5 2. Nf3 d6 3. Bc4 g6 4. d4 Bg7 5. dxc5 Qa5+ 6. c3 Qxc5 7. Qb3 e6 8. Na3
a6 9. Be3 Qc6 10. O-O-O Bf8 11. Bd4 e5 12. Bxf7+ Ke7 13. Bxg8 exd4 14. Qf7+ Kd8
15. Qxf8+ Kc7 16. Qg7+ Bd7 17. Qxh8 1-0

[Event "KLASYFIKACYJNY BIALYSTOK WIOSNA 2012"]
[Site "ZSI Nr 1 Bialystok"]
[Date "2012.??.??"]
[Round "9.1"]
[White "Kostyra, Stanislaw"]
[Black "Burakowska, Gabriela"]
[Result "1-0"]
[WhiteElo "2287"]
[BlackElo "1619"]
[PlyCount "69"]
[EventDate "2012.??.??"]

1. d4 d5 2. c4 e6 3. Nc3 Nf6 4. Nf3 b6 5. Qa4+ Bd7 6. Qb3 Nc6 7. cxd5 Na5 8.
Qc2 Nxd5 9. e4 Nxc3 10. bxc3 Be7 11. Bd3 c5 12. O-O cxd4 13. cxd4 Rc8 14. Qe2
O-O 15. Ba6 Ra8 16. Bf4 Bc8 17. Bd3 Nc6 18. Qe3 Nb4 19. Bb1 Bb7 20. a3 Na6 21.
Bd3 Nc7 22. Qe2 Bd6 23. Bd2 f5 24. exf5 exf5 25. Bc4+ Kh8 26. Ng5 Qd7 27. Qh5
g6 28. Qh4 Nd5 29. Rfe1 a6 30. Re6 Be7 31. Rxg6 Bd8 32. Rh6 Bxg5 33. Bxg5 Kg8
34. Bf6 b5 35. Qg5+ 1-0

[Event "KLASYFIKACYJNY BIALYSTOK WIOSNA 2012"]
[Site "ZSI Nr 1 Bialystok"]
[Date "2012.??.??"]
[Round "9.2"]
[White "Khamitskiy, Sergei"]
[Black "Kosakowski, Jakub"]
[Result "1-0"]
[WhiteElo "2284"]
[BlackElo "1561"]
[PlyCount "45"]
[EventDate "2012.??.??"]

1. d4 Nf6 2. c4 g6 3. Nc3 d5 4. Bf4 Bg7 5. Rc1 O-O 6. e3 Nc6 7. h3 Re8 8. Nf3
Bf5 9. Be2 Qd7 10. O-O Rad8 11. Ne5 Nxe5 12. dxe5 Ne4 13. cxd5 Nxc3 14. Rxc3
Qxd5 15. Qxd5 Rxd5 16. Rxc7 Rd2 17. Bb5 Red8 18. Rxe7 Rxb2 19. Bc4 Rf8 20. Bb3
Be4 21. Rd1 Bc6 22. Bd5 Rd8 23. e4 1-0